000
00213 a2200097 4500
001
22571
100
_a
Murphy, J S
245
_a
Basics of digital Computers
260
_a
_b
J F Rider
_c
1958
090
_c
15230
_d
15230
942
_a
NUST-CAE
_c
M
_c
5815
999
_c
257644
_d
257644